Dinler tarihi ansiklopedisi : (Record no. 14072)

MARC details
000 -BAŞLIK
Sabit Uzunlukta Kontrol Alanı 00968nam a22002417a 4500
999 ## - SİSTEM KONTROL NUMARALARI (KOHA)
Koha Biblionumber 14072
Koha Biblioitemnumber 14072
003 - KONTROL NUMARASI IDENTIFIER
Denetim Alanı MIRAKIL
005 - SON İŞLEM TARİHİ VE ZAMANI
Denetim Alanı 20200921142312.0
008 - SABİT-BOY VERİ ELEMANLARI - GENEL BİLGİLER
Sabit Uzunlukta Kontrol Alanı 200921b tu ||||| |||| 00| 0 tur d
040 ## - KATALOGLAMA KAYNAK
Orijinal Kataloglama Ajansı TR-AnCHP
Metne Dönüştürmek Ajansı TR-AnCHP
041 ## - DİL KODU
Metin / Ses Parça Veya Ayrı Başlığın Dil Kodu tur
082 ## - DEWEY ONLU SINIFLANDIRMA NUMARASI
Sınıflandırma Numarası DAN 200.9
Ürün Numarası D55 [t.y.]
245 10 - BAŞLIK TABLOSU
Başlık Dinler tarihi ansiklopedisi :
Başlığın Kalan İslâmiyet, Hıristiyanlık, Musevilik ve ilkel dinler /
Sorumluluk Tablosu, Vb yayın kurulu: İsmet Zeki Eyüboğlu, Tanju Gökçöl, ...[ve öte.] ; çeviri: Zeynep Akbay, Yaşar Anday, ...[ve öte.].
246 ## - UNVAN FORM VARYING
Başlık Doğru / Kısa Başlığı İslâmiyet, Hıristiyanlık, Musevilik ve ilkel dinler
260 ## - YAYIN, DAĞITIM, VB
Yayın, Dağıtım, Vb Yeri İstanbul:
Yayıncı, Dağıtıcı, Vs Adı Gelişim yayınları,
Yayın, Dağıtım, Vb Tarihi [t.y.]
300 ## - FİZİKSEL TANIM
Kapsam c.:
Diğer Fiziksel Ayrıntıları fotg.;
Boyutlar 30 sm.
650 #0 - KONU KATMA GİRİŞ - TOPİKAL DÖNEM
9 (RLIN) 6516
Topikal Süreli Veya Coğrafi Ad Giriş Elemanı Dinler tarihi
Genel Alt Bölümü Ansiklopediler
700 1# - KATMA GİRİŞ - KİŞİSEL İSİM
9 (RLIN) 4455
Kişisel Ad Eyüboğlu, İsmet Zeki
700 ## - KATMA GİRİŞ - KİŞİSEL İSİM
9 (RLIN) 6513
Kişisel Ad Gökçöl, Tanju
700 ## - KATMA GİRİŞ - KİŞİSEL İSİM
9 (RLIN) 6514
Kişisel Ad Akbay, Zeynep
Relator Terim çev.
700 ## - KATMA GİRİŞ - KİŞİSEL İSİM
9 (RLIN) 6515
Kişisel Ad Anday, Yaşar
Relator Terim çev.
740 ## - KATMA GİRİŞ - KONTROLSUZ İLGİLİ / ANALİTİK BAŞLIK
Kontrol Edilmeyen / İlgili Analitik Başlıktaki İslâmiyet, Hıristiyanlık, Musevilik ve ilkel dinler
942 ## - EKLENDİ GİRİŞ ELEMANLARI (KOHA)
Sınıflandırma Veya Raf Düzeni Kaynak Dewey Decimal Classification
Koha Öğesi Türü Books
Holdings
Kalıcı Konum Mevcut Konum Edinme Tarihi Toplam Check-Out'Lar Tam Çağrı Numarası Barkod Tarih Son Görülme Tekdüzen Kaynak Tanımlayıcı İtibaren Geçerli Fiyatlar Sigara Kamu Notu Koha Öğesi Türü
CHP Kütüphanesi CHP Kütüphanesi 09/21/2020   DAN 200.9 D55 [t.y.] 019577 09/21/2020 c.1 09/21/2020 Emine Başak Alkan Bağışıdır. Books
CHP Kütüphanesi CHP Kütüphanesi 09/21/2020   DAN 200.9 D55 [t.y.] 019578 09/21/2020 c.2 09/21/2020 Emine Başak Alkan Bağışıdır. Books
CHP Kütüphanesi CHP Kütüphanesi 09/21/2020   DAN 200.9 D55 [t.y.] 019579 09/21/2020 c.3 09/21/2020 Emine Başak Alkan Bağışıdır. Books